| 000 | 01337nam0a2200337 4500 | ||
|---|---|---|---|
| 001 | RU\NLR\bibl\1236886 | ||
| 005 | 20250615115837.0 | ||
| 010 |
_a978-5-8071-0249-2 _92000 |
||
| 021 |
_aRU _b2008-28851 _91595 |
||
| 021 |
_aRU _b2008-29645 _91636 |
||
| 035 | _a(NLR Aleph) 001223115 | ||
| 090 |
_a151015 _c151015 |
||
| 100 | _a20080604d2008 |||y0rusy50 ca | ||
| 101 | 1 |
_arus _cfre |
|
| 102 | _aRU | ||
| 105 | _ab ||||||||| | ||
| 200 | 1 |
_aВарварские нашествия на Европу: германский натиск _fЛюсьен Мюссе _g[пер. с фр. А.П. Саниной] |
|
| 210 |
_aСанкт-Петербург _cЕвразия _d2008 |
||
| 215 |
_a416 с. _cкарт _d21 |
||
| 225 | 1 | _aИсторическая библиотека | |
| 300 | _aНа обороте тит. л. авт.: историк Л. Мюссе | ||
| 320 | _aБиблиогр.: с. 360-399 | ||
| 606 | 1 |
_aВарварские государства _xИстория _92381828 _3RU\NLR\auth\661421033 |
|
| 606 | 1 |
_aВарварские нашествия _yЕвропа Западная _z8 - 10 вв. _92251310 _3RU\NLR\auth\661350359 |
|
| 686 | _aТ3(0)413 | ||
| 700 | 1 |
_aМюссе _bЛ. _gЛюсьен _4070 |
|
| 801 | 0 |
_aRU _bNLR _c20080604 _gRCR |
|
| 801 | 1 |
_aRU _bNLR _c20080604 |
|
| 942 | _cBOOK | ||
| 980 | _aNB | ||